Southville International School and Colleges
Your cart is empty.
  • Cart
  • Lists
    Public lists Eva Luna New books Lux_list list_1
    Your lists Log in to create your own lists
  • Log in to your account
  • Your cookies
  • Search history
Southville International School and Colleges
  • Advanced search
  • Recent comments
  • Most popular
  • Libraries

Log in to your account

Log in with GOOGLE


If you do not have an external account, but do have a local account, you can still log in:

  1. Home
  2. MARC view: Income taxation made available /
Normal view MARC view ISBD view

Income taxation made available / (Record no. 16992)

[ view plain ]
MARC details
000 -LEADER
fixed length control field 01121cam a22003614a 4500
001 - CONTROL NUMBER
control field 15884410
003 - CONTROL NUMBER IDENTIFIER
control field OSt
005 - DATE AND TIME OF LATEST TRANSACTION
control field 20140310182851.0
008 - FIXED-LENGTH DATA ELEMENTS--GENERAL INFORMATION
fixed length control field 090828s2009 ph b 000 0 eng
010 ## - LIBRARY OF CONGRESS CONTROL NUMBER
LC control number 2009316823
020 ## - INTERNATIONAL STANDARD BOOK NUMBER
International Standard Book Number 9789715848688
040 ## - CATALOGING SOURCE
Original cataloging agency DLC
Transcribing agency DLC
042 ## - AUTHENTICATION CODE
Authentication code lcode
043 ## - GEOGRAPHIC AREA CODE
Geographic area code a-ph---
050 00 - LIBRARY OF CONGRESS CALL NUMBER
Classification number KPM2832
Item number .Ur72 2009
082 ## - DEWEY DECIMAL CLASSIFICATION NUMBER
Classification number FIL 336.2012
Item number Ur1 2009
100 1# - MAIN ENTRY--PERSONAL NAME
Personal name Urbano, Bartolome R.
245 10 - TITLE STATEMENT
Title Income taxation made available /
Statement of responsibility, etc Urbano, Bartholomew
260 ## - PUBLICATION, DISTRIBUTION, ETC. (IMPRINT)
Place of publication, distribution, etc Quezon City, Philippines :
Name of publisher, distributor, etc C & E Pub.,
Date of publication, distribution, etc 2009.
300 ## - PHYSICAL DESCRIPTION
Extent vi, 583 p. ;
Dimensions 23 cm.
504 ## - BIBLIOGRAPHY, ETC. NOTE
Bibliography, etc Includes bibliographical references (p. [584]).
521 ## - TARGET AUDIENCE NOTE
Target audience note
526 ## - STUDY PROGRAM INFORMATION NOTE
Reading level 1210L-1700L
541 ## - IMMEDIATE SOURCE OF ACQUISITION NOTE
-- 1
541 ## - IMMEDIATE SOURCE OF ACQUISITION NOTE
-- 1
541 ## - IMMEDIATE SOURCE OF ACQUISITION NOTE
-- 1
541 ## - IMMEDIATE SOURCE OF ACQUISITION NOTE
-- 1
562 ## - COPY AND VERSION IDENTIFICATION NOTE
Number of copies for circulation. 4 copies available in the collection
650 #0 - SUBJECT ADDED ENTRY--TOPICAL TERM
Topical term or geographic name as entry element Income tax
General subdivision Law and legislation
Geographic subdivision Philippines.
906 ## - LOCAL DATA ELEMENT F, LDF (RLIN)
a 7
b cbc
c origode
d 3
e ncip
f 20
g y-gencatlg
942 ## - ADDED ENTRY ELEMENTS (KOHA)
Source of classification or shelving scheme Library of Congress Classification
Koha item type Books
Call number prefix Filipininana
Holdings
Withdrawn status Lost status Source of classification or shelving scheme Damaged status Home library Current library Shelving location Date acquired Total Checkouts Full call number Barcode Date last seen Copy number Price effective from Koha item type Date checked out Source of acquisition
    Library of Congress Classification   Archives Archives   04/17/2013   KPM2832 .Ur72 2009 C13716 05/08/2018 4 04/17/2013 Books   Donation
    Library of Congress Classification   College Library College Library Filipiniana Section 05/31/2012   KPM2832 .Ur72 2009 C10616 05/08/2018 1 05/31/2012 Books    
    Library of Congress Classification   College Library College Library Filipiniana Section 04/17/2013 1 KPM2832 .Ur72 2009 C10615 05/08/2018 2 04/17/2013 Books 07/01/2014  
    Library of Congress Classification   College Library College Library Filipiniana Section 04/17/2013   KPM2832 .Ur72 2009 C12717 05/08/2018 3 04/17/2013 Books    

Income taxation made available /

APA

Urbano B. R., . (2009). Income taxation made available. Quezon City, Philippines: C & E Pub.

Chicago

Urbano Bartolome R, . 2009. Income taxation made available. Quezon City, Philippines: C & E Pub.

Harvard

Urbano B. R., . (2009). Income taxation made available. Quezon City, Philippines: C & E Pub.

MLA

Urbano Bartolome R, . Income taxation made available. Quezon City, Philippines: C & E Pub. 2009.

  • Place hold
  • Print
  • Cite
  • Add to your cart (remove)
  • Save record
    BIBTEX Dublin Core MARCXML MARC (non-Unicode/MARC-8) MARC (Unicode/UTF-8) MARC (Unicode/UTF-8, Standard) MODS (XML) RIS
  • More searches
    Search for this title in:
    Other Libraries (WorldCat) Other Databases (Google Scholar) Online Stores (Bookfinder.com) Open Library (openlibrary.org)

Exporting to Dublin Core...

SOUTHVILLE LIBRARY

Southville International School and Colleges Library

1281 Tropical Ave. Cor. Luxembourg St., BF Homes International, Las Pinas City

Tel. No. 8256374 / 252358 Loc. 117/146

Powered by Koha